000 00568cam a2200217 4500
001 D6894
008 090401t1972 xxu||||| |||| 00| 0 eng d
035 _a(Sirsi) u3789
041 _aeng
050 _a501.4
100 _aMcNeill, D.B.
245 2 _aA dictionary of scientific units: including dimensionless numbers and scales
250 _a3rd
260 _aLondon
_bChapman and Hall
_c1972
300 _aix. 212p. 20cm. Index
350 _a2.5
520 _aPrevious edition 1964
700 _aJerrard, Harold George
942 _n0
948 _c04/03/1997
999 _c85937
_d85937